[Event "Goch op 17th"]
[Site "Goch"]
[Date "2006.10.14"]
[Round "5"]
[White "Holtappels, Herbert"]
[Black "Rieger, Mario"]
[Result "1/2-1/2"]
[WhiteElo "1607"]
[BlackElo "1757"]
[PlyCount "141"]
[EventDate "2006.10.12"]
[EventType "swiss"]
[EventRounds "7"]
[EventCountry "GER"]
[SourceTitle "EXT 2008"]
[Source "ChessBase"]
[SourceDate "2007.11.25"]
[SourceVersion "1"]
[SourceVersionDate "2007.11.25"]
[SourceQuality "1"]

1. c4 Nf6 2. b3 d6 3. Bb2 e5 4. Qc2 Nc6 5. a3 g6 6. e3 Bf5 7. d3 Bg7 8. Nd2 0-0 9. Ngf3 a6 10. Be2 b5 11. cxb5 Ne7 12. bxa6 Rxa6 13. Rc1 Rc6 14. Qd1 Qb8 15. Rxc6 Nxc6 16. Qc2 Qb7 17. 0-0 Rc8 18. Rc1 Ne7 19. Nh4 Be6 20. Nhf3 Nfd5 21. h3 Bd7 22. Nc4 Nb6 23. Nfd2 Nxc4 24. Nxc4 f5 25. Bf3 Qa7 26. b4 g5 27. g4 fxg4 28. Bxg4 Bxg4 29. hxg4 Qb7 30. e4 Rf8 31. Ne3 c6 32. Nf5 Nxf5 33. exf5 c5 34. Qc4+ Kh8 35. Qe4 d5 36. Qe1 cxb4 37. Qxb4 Qxb4 38. axb4 h5 39. f3 d4 40. Rc4 h4 41. Bc1 Bf6 42. Rc6 Kg7 43. b5 Rb8 44. b6 Bd8 45. Bxg5 Bxg5 46. Rg6+ Kf7 47. Rxg5 Rxb6 48. Rh5 Rb3 49. Rxh4 Rxd3 50. Kf2 Rd2+ 51. Ke1 Rd3 52. Ke2 Re3+ 53. Kf2 Ra3 54. g5 Ra2+ 55. Ke1 Ra1+ 56. Kd2 Ra2+ 57. Kd3 Ra3+ 58. Ke4 Re3+ 59. Kd5 d3 60. Rh7+ Kg8 61. Rd7 d2 62. Ke6 Rxf3 63. Rxd2 e4 64. Kf6 Rd3 65. Re2 e3 66. Ra2 Rd6+ 67. Ke7 Rd2 68. Ra8+ Kg7 69. f6+ Kg6 70. Rg8+ Kh5 71. Rh8+ 1/2-1/2

[Event "GER-ch Seniors-B 17th"]
[Site "Essen"]
[Date "2005.08.25"]
[Round "5"]
[White "Holtappels, Herbert"]
[Black "Podolnyy, Jakiv"]
[Result "1/2-1/2"]
[WhiteElo "1662"]
[BlackElo "2004"]
[PlyCount "103"]
[EventDate "2005.08.20"]
[EventType "swiss"]
[EventRounds "9"]
[EventCountry "GER"]
[SourceTitle "CBM 108 Extra"]
[Source "ChessBase"]
[SourceDate "2005.11.04"]
[SourceVersion "1"]
[SourceVersionDate "2005.11.04"]
[SourceQuality "1"]

1. c4 c6 2. b3 d5 3. cxd5 cxd5 4. Bb2 Nc6 5. d3 d4 6. Nd2 e5 7. a3 Be6 8. g3 Bd5 9. Ngf3 Rc8 10. Bg2 Bd6 11. 0-0 h6 12. Bh3 Rb8 13. Bg2 Nf6 14. Nc4 Bc7 15. e4 Be6 16. Rc1 0-0 17. Rb1 Qd7 18. Bc1 b5 19. Ncd2 Bd6 20. Kh1 Ne7 21. b4 Rbc8 22. Bb2 Rc7 23. Rc1 Rfc8 24. Rxc7 Rxc7 25. Qb1 Bh3 26. Ng1 Be6 27. h3 Ng6 28. Rc1 Rb7 29. Qc2 Rb8 30. Nb3 Qe7 31. Qd1 Nd7 32. Na5 Qf6 33. Qf3 Qg5 34. h4 Qd2 35. Qe2 Qxe2 36. Nxe2 Nb6 37. Rc6 Nc8 38. Nc1 Nge7 39. Rc2 Bd7 40. Kh2 Nb6 41. Bh3 Kf8 42. Bxd7 Nxd7 43. Ne2 f6 44. g4 g6 45. Bc1 Kg7 46. Ng3 Nb6 47. h5 Rc8 48. Rxc8 Nbxc8 49. hxg6 Kxg6 50. Nf5 Nxf5 51. gxf5+ Kg7 52. Kg3 1/2-1/2

[Event "Goch op 14th"]
[Site "Goch"]
[Date "2003.??.??"]
[Round "7"]
[White "Gross, Karl"]
[Black "Holtappels, Herbert"]
[Result "1-0"]
[WhiteElo "1985"]
[BlackElo "1665"]
[PlyCount "45"]
[EventDate "2003.10.02"]
[EventType "swiss"]
[EventRounds "7"]
[EventCountry "GER"]
[SourceTitle "EXT 2006"]
[Source "ChessBase"]
[SourceDate "2005.11.24"]
[SourceVersion "1"]
[SourceVersionDate "2005.11.24"]
[SourceQuality "1"]

1. e4 c5 2. Nf3 b6 3. Bc4 e6 4. d4 cxd4 5. Nxd4 Bb7 6. Nc3 Ne7 7. Bg5 a6 8. Qh5 g6 9. Qh4 Bg7 10. 0-0-0 h6 11. Bf6 g5 12. Qh5 0-0 13. Bxg7 Kxg7 14. h4 Ng6 15. g3 Ne5 16. Bxe6 Qf6 17. Nf5+ Kh7 18. hxg5 Qg6 19. Qxh6+ Qxh6 20. Rxh6+ Kg8 21. Bd5 Bxd5 22. Nxd5 f6 23. g6 1-0